| 000 | 00000nam##2200000za#4500 |
| 001 | 9.632259 |
| 003 | CaOODSP |
| 005 | 20210624214724 |
| 007 | cr ||||||||||| |
| 008 | 150407|2004||||xxc|||||o f|0| 0 fre|d |
| 040 | |aCaOODSP|bfre |
| 043 | |an-cn--- |
| 086 | 1 |aSW21-126/2004F-PDF |
| 110 | 1 |aCanada. |bCondition féminine Canada. |
| 245 | 10|aQu'est-ce que l'intégration des considérations liées à l'égalité des sexes? |h[ressource électronique] |
| 246 | 3 |aUne approche intégrée à l'analyse comparative entre les sexes |
| 260 | |aOttawa - Ontario : |bCondition féminine Canada |c[2004]. |
| 300 | |a2p. |
| 590 | |a05-40|b2005-10-07 |
| 590 | |a06-10-Supp|b2006-12-15 |
| 691 | 07|aÉgalité des sexes|2gcpds |
| 691 | 07|aÉlaboration des politiques|2gcpds |
| 775 | 08|tWhat is gender mainstreaming? |w(CaOODSP)9.687819 |
| 776 | 0#|tWhat is gender mainstreaming? |w(CaOODSP)9.666925 |
| 776 | 0#|tQu'est-ce que l'intégration des considérations liées à l'égalité des sexes? |w(CaOODSP)9.666926 |
| 856 | 40|ahttp://publications.gc.ca|qPDF|s66 Ko|uhttps://publications.gc.ca/collections/Collection/SW21-126-2004F.pdf |